| 000 | 01261nam a22002897a 4500 | ||
|---|---|---|---|
| 003 | OSt | ||
| 005 | 20250214091814.0 | ||
| 007 | cr |||||||ac|a | ||
| 008 | 221107s2020 mx ad||fom||| 00| 0 spa d | ||
| 040 | _erda | ||
| 100 | 1 |
_9131356 _aFranco Valderrama, Ana Maryury |
|
| 245 | 1 |
_aEvaluación de la sustentabilidad del sistema de producción de limón persa en Martinez de la Torre Veracruz / _cpor Ana Maryury Franco Valderrama; director de tesis Ignacio Caamal Cauich |
|
| 264 | 1 |
_aChapingo, México : _bEl autor, _c2020. |
|
| 300 | _a1 recurso en línea (111 páginas). | ||
| 336 |
_2rdacontent _atexto _btxt |
||
| 337 |
_2rdamedia _acomputadora _bc |
||
| 338 |
_2rdacarrier _arecurso en línea _bcr |
||
| 502 |
_bDCEA _cDICEA _d2020. _gDOC |
||
| 504 | _aIncluye referencias bibliográficas: páginas 91-100 | ||
| 650 | 4 |
_9143944 _aAgricultura sustentable _xMéxico |
|
| 650 | 4 |
_9130791 _aLimón persa _xProducción _zVeracruz |
|
| 650 | 4 |
_966867 _aLimón persa _xCostos de producción |
|
| 650 | 4 |
_966870 _aLimón persa _xMercadeo |
|
| 700 | 1 |
_aCaamal Cauich, Ignacio _eDirector de tesis _916527 |
|
| 856 |
_uhttp://10.13.5.2/tesis/td/2020_EA_Franco_Valderrama_AnaMaryury.pdf _zDESCARGAR PDF |
||
| 942 |
_2Clasificación Universidad Autónoma Chapingo _cTD |
||
| 999 |
_c217710 _d217710 |
||